00307nam a2200097 a 4500008004100000050001500041110003600056245007300092260003500165350000900200070514s2006 ||||||||||||||||| || u aUN-ESC(02) aUnited Nations Forum on Forests10aReport of the sixth session (27 May 2005 and 13 to 24 February 2006) aNew YorkbUNITED NATIONSc2006 a0.00